Countries Closest to The Gambia - 30 Second Sprint - Statistics

General Stats
  • This quiz has been taken 73 times
  • The average score is 10 of 20
Answer Stats
km country miles % Correct
0 Senegal 0
97%
189 Mali 118
75%
74 Guinea 46
73%
214 Mauritania 133
70%
61 Guinea-Bissau 38
60%
1357 Morocco 843
59%
1511 Niger 939
56%
413 Sierra Leone 257
54%
1221 Ghana 759
52%
665 Liberia 413
49%
1868 Nigeria 1161
46%
1505 Togo 935
46%
1615 Benin 1004
41%
1584 Algeria 984
40%
940 Burkina Faso 584
33%
700 Cabo Verde 435
32%
721 Côte d'Ivoire 448
30%
1548 Spain 962
19%
799 Western Sahara 496
11%
2099 Portugal 1305
10%
No matching quizzes found
Score Distribution
Percent of People with Each Score
Percentile by Number Answered
Your Score History
You have not taken this quiz